assassins des templiers 1/2 - Statistiques

Statistiques générales
  • Ce quiz a été pris 21 fois
  • Le résultat moyen est 351 sur 487
Statistiques - réponses
Répondre % Correct
à
94%
a
94%
c'
94%
d'
94%
de
94%
des
94%
fais
94%
des
94%
d'
94%
fais
94%
j'
94%
mène
94%
peu
94%
trucs
94%
une
94%
un
94%
vie
94%
j'
94%
l'
94%
m'
94%
ma
94%
me
94%
mene
94%
peu
94%
pitié
94%
pitie
94%
sans
94%
t'
94%
te
94%
templiers
94%
trucs
94%
un
94%
une
94%
vie
94%
as
88%
assassin
88%
éliminer
88%
eliminer
88%
es
88%
malsains
88%
il
88%
je
88%
le
88%
les
88%
malsains
88%
on
88%
ça
81%
caché
81%
capuche
81%
en
81%
enfants
81%
enleve
81%
et
81%
la
81%
mesures
81%
pleut
81%
quand
81%
que
81%
sous
81%
suis
81%
tu
81%
assassine
75%
dans
75%
elle
75%
est
75%
foule
75%
meme
75%
moi
75%
moine
75%
mon
75%
monde
75%
ouais
75%
persia
75%
personne
75%
pour
75%
ta
75%
ton
75%
tout
75%
tueur
75%
voit
75%
ai
69%
ame
69%
ce
69%
comme
69%
d'embuches
69%
dirait
69%
dit
69%
instituteur
69%
lame
69%
lui
69%
mais
69%
manche
69%
of
69%
paquet
69%
pas
69%
peut
69%
prince
69%
remonter
69%
sais
69%
sapé
69%
semee
69%
si
69%
sur
69%
temps
69%
1m85
63%
calvitie
63%
d'assassin
63%
flingue
63%
gerard
63%
grappin
63%
j'fais
63%
juste
63%
l'anonymat
63%
mec
63%
paille
63%
rues
63%
sauf
63%
seul
63%
surtout
63%
tes
63%
toi
63%
y
63%
ange
56%
avec
56%
canapé
56%
coller
56%
fond
56%
mieux
56%
ils
56%
inconnu
56%
j'arpente
56%
mouillée
56%
ok
56%
ombre
56%
oriental
56%
pénombre
56%
plus
56%
quel
56%
qui
56%
quoi
56%
saut
56%
sombre
56%
style
56%
t'as
56%
tatouage
56%
traitre
56%
va
56%
vrai
56%
aiguisée
50%
au
50%
branché
50%
chez
50%
discret
50%
heros
50%
immiscer
50%
jugnot
50%
oups
50%
parmi
50%
pense
50%
suicider
50%
tuer
50%
vetements
50%
vraie
50%
yamakasi
50%
accord
44%
boucler
44%
cathedrales
44%
cette
44%
connais
44%
déguisé
44%
deja
44%
drap
44%
escalader
44%
fonds
44%
grimpe
44%
ont
44%
part
44%
pensent
44%
permettre
44%
peux
44%
pompiers
44%
rappelle
44%
tendu
44%
toujours
44%
trop
44%
uppercut
44%
veux
44%
animus
38%
arpente
38%
atteris
38%
bas
38%
fort
38%
haut
38%
jugulaire
38%
monte
38%
parce
38%
parfois
38%
prends
38%
toits
38%
abbayes
31%
acrobaties
31%
apres
31%
clocher
31%
en slip
31%
frapper
31%
grimper
31%
homme
31%
longuement
31%
medite
31%
reste
31%
high
25%
kick
25%
les bails
25%
mélancolique
25%
parade
25%
tous
25%
ville
25%
alors
19%
bats
19%
bon
19%
contemplant
19%
contre
19%
coup
19%
esquive
19%
pied
19%
tomahawk
19%
vingt
19%
baybay
13%
circulaire
13%
d'accord
13%
hors
13%
malgres
13%
middle
13%
norme
13%
enn
6%
Aucun quiz correspondant
Distribution des résultats
% des personnes avec chaque résultat
Percentile par nombre de réponses
Votre historique - résultats
Vous n’avez pas pris ce quiz